000 00366pab a2200145 454500
008 180718b xxu||||| |||| 00| 0 eng d
100 _aSingh, S.P.
245 _aHousing scenario in India: a review
650 _a Shelter
650 _a Housing
650 _aHousing - India
700 _aSingh, S.V.
773 _aIndian Journal of Regional Science
909 _a23044
999 _c23044
_d23044